000 00470nam a2200169 4500
001 111607
003 ES-MaACL
005 20260114063024.0
007 t|
008 061121s1966 sp r ||||1| spa d
100 1 _aNarbona, Rafael,
_d1911-1972
_9242685
245 1 3 _aLa paz imposible /
_cRafael Narbona.
260 _aMadrid :
_bAfrodisio Aguado,
_c1966.
300 _a280 p. ;
_c19 cm.
852 _aES-MaACL
_jC-31354
_bR.60313
999 _c111607
_d111607